000
00284nam a2200121Ia 4500
008
191201s2008 xx 000 0 und d
100
_a
GEETA PRESS
245
0
_a
Kalyana-Kalpataru
260
_a
N. Delhi
_b
Geeta Press
_c
2008
300
_a
402
650
_a
General Books
942
_2
ddc
_c
BK
999
_c
736
_d
736